| 000 | 00397nam a2200157Ia 4500 | ||
|---|---|---|---|
| 008 | 221030s9999 xx 000 0 und d | ||
| 020 | _a0074635794 | ||
| 041 | _aEnglish | ||
| 082 |
_a105.23 _bDha |
||
| 100 | _aD. M. Dhamdhere | ||
| 245 | 0 |
_aSystems Programming & Operating systems _cby D. M. Dhamdhere |
|
| 260 |
_bTMH _aNew Delhi _c2000 |
||
| 300 | _a658 | ||
| 650 | _aBE Computer | ||
| 942 | _cBK | ||
| 999 |
_c7477 _d7477 |
||